000 00441cam a22001217a 4500
008 180718b1965 xxu||||| |||| 00| 0 eng d
082 _aA81x54 In2/61/Vol 9/Pt 7-A (viii)
100 _aCensus of India 1961
245 _aMadras: handicrafts and artisans of Madras state, glazed pottery of Karigari
260 _aDelhi
_bThe Manager of Publications
_c1965
300 _a39+p.
440 _aCensus of India 1961. Volume IX, Madras. Part VII-A-viii
999 _c484288
_d484288